| 000 | 00429 a2200109 4500 | ||
|---|---|---|---|
| 001 | ART_49734 | ||
| 005 | 20260410161936.0 | ||
| 008 | 260409a | ||
| 245 | 1 | 0 | _aLos recursos del tesoro nacional en la Constitución Argentina. Orígenes. Principios. Vigencia actual |
| 100 | 1 | _aReig, Enrique Jorge | |
| 773 | 0 |
_tAnales de la Academia Nacional de Ciencias Económicas _g- Vol. XXXVI, (1991) (ene. 1993) _wREV25596 |
|
| 999 |
_c29042 _d29042 |
||